Sensacional de diseño mexicano / (Registro nro. 13196)
[ vista simple ]
| 000 -LIDER | |
|---|---|
| fixed length control field | 00881nam a22002297a 4500 |
| 003 - IDENTIFICACDOR DE NÚMERO DE CONTROL | |
| control field | DO-SdBNP |
| 005 - DATE AND TIME OF LATEST TRANSACTION | |
| control field | 20171129101436.0 |
| 008 - ELEMENTOS DE LONGITUD FIJA | |
| fixed length control field | 171129b mxxu||||| |||| 00| 0 spa d |
| 040 ## - FUENTE DE CATALOGACIÓN | |
| Agencia que crea de manera original el registro | BPMSU |
| Idioma de catalogación | spa |
| Agencia que realiza la transcripción | BPMSU |
| 100 ## - ASIENTO PRINCIPAL -- NOMBRE PERSONAL | |
| Nombre personal | Mena, Juan Carlos, |
| 245 10 - MENCIÓN DE TITULO | |
| Título | Sensacional de diseño mexicano / |
| Mención de responsabilidad | Juan Carlos Mena con la colaboración de Óscar Reyes y Déborah Holtz ; textos, Isaac Victor Kerlow ... [et al.] ; lomo de Carlos Monsiváis ; traducción, Rafael Vargas |
| 250 ## - MENCIÓN DE EDICION | |
| Mención de edición | 3a ed., sensacional plus mejorado |
| 260 ## - PUBLICACIÓN, DISTRIBUCIÓN, ETC. (PIE DE IMPRENTA) | |
| Lugar de publicación, distribución, etc | México, D.F. : |
| Nombre del editor, distribuidor, etc. | Trilce :Oceano, | |
| Fecha de publicación, distribución, etc | 2010 |
| 300 ## - DESCRIPCIÓN FÍSICA | |
| Extensión | 1v. ; |
| Dimensiones | 20 cm. |
| 700 ## - ASIENTO SECUNDARIO -- NOMBRE PERSONAL | |
| Nombre personal | Reyes, Oscar, |
| Mención de responsabilidad | colab. |
| 700 ## - ASIENTO SECUNDARIO -- NOMBRE PERSONAL | |
| Nombre personal | Kerlow, Isaac Victor, |
| Fechas asociadas con el nombre | 1958- |
| Mención de responsabilidad | colab. |
| 700 ## - ASIENTO SECUNDARIO -- NOMBRE PERSONAL | |
| Nombre personal | Monsiváis, Carlos, |
| Fechas asociadas con el nombre | 1938-2010 |
| Mención de responsabilidad | colab. |
| 700 ## - ASIENTO SECUNDARIO -- NOMBRE PERSONAL | |
| Nombre personal | Vargas, Rafael, |
| Fechas asociadas con el nombre | 1954- |
| Mención de responsabilidad | trad. |
| 700 ## - ASIENTO SECUNDARIO -- NOMBRE PERSONAL | |
| Nombre personal | Holtz, Déborah, |
| 942 ## - ADDED ENTRY ELEMENTS (KOHA) | |
| Source of classification or shelving scheme | Dewey Decimal Classification |
| Koha item type | Libros |
| 945 ## - INFORMACIÓN DE PROCESAMIENTO LOCAL | |
| Información de procesamiento local | Inventariado, 2017/MFF |
| Withdrawn status | Lost status | Source of classification or shelving scheme | Damaged status | Not for loan | Collection code | Home library | Current library | Date acquired | Total Checkouts | Barcode | Date last seen | Price effective from | Koha item type |
|---|---|---|---|---|---|---|---|---|---|---|---|---|---|
| Dewey Decimal Classification | Colección General | Biblioteca Pública Metropolitana Salomé Ureña | Biblioteca Pública Metropolitana Salomé Ureña | 11/29/2017 | BPMSU17110522 | 11/29/2017 | 11/29/2017 | Libros |